000
00292nam a2200133Ia 4500
100
_a
Joshi/S.D
942
_c
BK
654
_a
information technology
245
_a
Foundations of Information technology
260
_b
Tech-Max
_c
2002
082
_a
4.6
_b
JOS
546
_a
ENGLISH
999
_c
29766
_d
29766